000
00226nam a22000977a 4500
100
_a
Joseph, P.
245
_a
Nilamorukkam yanthrangalupayogichu
260
_b
Rubber, 707(April): 6-10.
_c
2025
300
_b
Malayalam
942
_c
JS
999
_c
75505
_d
75505